000
00316nam a2200109Ia 4500
008
171211s9999 xx 000 0 und d
245
_a
Using Joomla! 2nd Edition
245
_c
Jennifer Gress and Ron Severdia
260
_c
2014
650
_x
Web Development
856
_u
http://down.ebook777.com/009/9781449345396.pdf
999
_c
350100
_d
350100